000 00471cam a2200181ua 4500
020 _c80.00
041 _aeng
_h
082 _a320.09
_bBOZ/PO
100 _aBozeman, Adda B .
245 _aPolitics and culture in international history /
_cB Adda Bozeman.
_hTextual Documents
250 _a1 /
_b.
260 _aNew jersey :
_bPriceton University press ,
_c1960.
300 _a559 ; .
365 _a80.00
504 _a
942 _cBK
999 _c2041
_d2041